|
|
|
|
| LEADER |
01049nam a2200277 a 4500 |
| 001 |
459 |
| 003 |
BD-DhAAL |
| 005 |
20150303144938.0 |
| 008 |
150303s1992 xnaa b 001 0 eng d |
| 020 |
|
|
|a 0201500418
|
| 040 |
|
|
|a ANB
|b eng
|c ANB
|d XNTU
|
| 050 |
|
4 |
|a HD58.7
|b .D862 1992
|
| 082 |
0 |
4 |
|a 302.35
|2 20
|
| 100 |
1 |
|
|a Dunford, Richard.
|9 8984
|
| 245 |
1 |
0 |
|a Organisational behaviour :
|b an organisational analysis perspective /
|c Richard W. Dunford.
|
| 260 |
|
|
|a Sydney :
|b Addison-Wesley,
|c 1992.
|
| 300 |
|
|
|a xvi, 336 p. :
|b ill. ;
|c 25 cm.
|
| 490 |
|
|
|a Addison-Wesley business series
|
| 504 |
|
|
|a Includes bibliographies and indexes.
|
| 541 |
|
|
|e 459
|
| 650 |
|
0 |
|a Organizational behavior.
|9 8985
|
| 650 |
|
0 |
|a Organizational change.
|9 8986
|
| 650 |
|
2 |
|a Organizational innovation.
|9 8987
|
| 942 |
|
|
|2 ddc
|c BK
|
| 999 |
|
|
|c 33860
|d 33860
|
| 952 |
|
|
|0 0
|1 0
|2 ddc
|4 0
|6 302_350000000000000_DUN
|7 0
|9 52855
|a SCL
|b SCL
|c GEN
|d 2015-03-03
|g 1284.00
|l 0
|o 302.35 DUN
|p 3020000459
|r 2015-03-03
|t 1
|w 2015-03-03
|y BK
|x 'The mentioned price is BDT conversion, actual price was US16.5'
|